| 000 | 00419nam a2200145Ia 4500 | ||
|---|---|---|---|
| 008 | 100415s9999 xx 000 0 und d | ||
| 082 |
_b14541 _a371.39445 |
||
| 100 | _aBarker Philip | ||
| 245 | _aMulti-media computer assisted learning | ||
| 260 |
_aLONDON _c1989 _bKOGAN PAGE |
||
| 365 | _b0 | ||
| 630 | _aMulti-media computer assisted learning | ||
| 730 | _aMulti-media computer assisted learning | ||
| 942 | _cBOOK | ||
| 999 |
_c597439 _d597436 |
||